| 000 | 00719nam a22002057a 4500 | ||
|---|---|---|---|
| 999 |
_c19020 _d19020 |
||
| 003 | AR-CdUCM | ||
| 008 | 190516b ||||| |||| 00| 0 spa d | ||
| 040 |
_aMUNICIPALIDAD PROVINCIAL DEL CUSCO _cBIBLIOTECA MUNICIPAL DEL CUSCO |
||
| 082 |
_22ed. _a330 / _bSC31 |
||
| 100 |
_aScott, H. M. _940063 |
||
| 245 | _aCurso elemental de economia / | ||
| 260 |
_aMexico : _bFondo de cultura economica, _c1945. |
||
| 300 |
_a269 paginas : _c20 cm. |
||
| 505 | _aContenido: Introducción -- Cooperación, producción y mercado -- Como se fijan los precios -- Demanda -- Oferta... | ||
| 650 |
_aMercado _942 |
||
| 650 |
_aEconomia _9382 |
||
| 700 |
_aMarquez, Javier _940064 |
||
| 942 |
_2ddc _cLIBROS |
||
| 945 |
_apjha _d2019-05-16 |
||